Normal view
MARC view
Entry Personal Name
001 - CONTROL NUMBER
- control field: 65167
003 - CONTROL NUMBER IDENTIFIER
- control field: OSt
005 - DATE AND TIME OF LATEST TRANSACTION
- control field: 20160724114907.0
008 - FIXED-LENGTH DATA ELEMENTS
- fixed length control field: 160724|| aca||aabn | a|a d
040 ## - CATALOGING SOURCE
- Original cataloging agency: OSt
- Transcribing agency: OSt
100 ## - HEADING--PERSONAL NAME
- Personal name: खुराना, शशि प्रभा
670 ## - SOURCE DATA FOUND
- Source citation: Work cat.: (OSt): खुराना, शशि प्रभा , गणित शिक्षण , 2015









